[Event "Kuwait Blitz (Women) op"]
[Site "Kuwait"]
[Date "2023.12.02"]
[Round "6"]
[White "Anoud, Eisa Bashkardi"]
[Black "Alazmi, Amani"]
[Result "1-0"]
[WhiteElo "1743"]
[BlackElo "1526"]
[PlyCount "125"]
[EventDate "2023.12.01"]
[EventType "swiss (blitz)"]
[EventRounds "9"]
[EventCountry "KUW"]
[SourceTitle "CBM 217 Extra"]
[Source "ChessBase"]
[SourceDate "2024.01.31"]
[SourceVersion "1"]
[SourceVersionDate "2024.01.31"]
[SourceQuality "1"]

1. e4 e6 2. d4 d5 3. Nd2 dxe4 4. Nxe4 Nd7 5. Nf3 Ngf6 6. Bd3 Be7 7. c3 0-0 8. 0-0 Nxe4 9. Bxe4 Nf6 10. Bc2 c5 11. Be3 b6 12. dxc5 bxc5 13. Qe2 Bb7 14. Rfd1 Qc7 15. Bg5 h6 16. Bh4 Rfd8 17. Ne5 Rac8 18. Bg3 Bd6 19. Re1 Bxe5 20. Bxe5 Qc6 21. f3 Nd7 22. Bf4 Nf6 23. Qf2 c4 24. Qxa7 Nd5 25. Bg3 Qb5 26. Ba4 Qb6+ 27. Qxb6 Nxb6 28. Bc2 Nd5 29. Be5 f6 30. Bg3 e5 31. Be4 Bc6 32. Bf2 Ne7 33. Bxc6 Nxc6 34. Red1 Rb8 35. Rxd8+ Rxd8 36. Be3 f5 37. Re1 f4 38. Bc1 Kf7 39. Kf2 Kf6 40. b3 Na5 41. b4 Nb7 42. a4 Rd3 43. Bb2 g5 44. a5 Rd5 45. Ke2 Nd6 46. Rd1 Rxd1 47. Kxd1 Nb5 48. Kc2 Ke6 49. Bc1 Kd5 50. Bd2 Kc6 51. Be1 h5 52. h3 Kd5 53. Bf2 Kc6 54. Bc5 e4 55. fxe4 g4 56. hxg4 hxg4 57. Kd2 f3 58. gxf3 gxf3 59. Bd4 Nc7 60. Ke3 Kd6 61. Kxf3 Ke6 62. Ke3 Nb5 63. a6 1-0